Statistics for Bundesliga 2020's Winners Starting XI

Click here to take the quiz!

General Stats

  • This quiz has been taken 936 times
    (7 since last reset)
  • The average score is 24 of 29

Answer Stats

Player% Correct
David Alaba
100%
Lucas Hernández
100%
Manuel Neuer
100%
Robert Lewandowski
100%
Thomas Müller
100%
Victor Boniface
100%
Alphonso Davies
86%
Benjamin Pavard
86%
Florian Wirtz
86%
Granit Xhaka
86%
Jeremie Frimpong
86%
Jérôme Boateng
86%
Joshua Kimmich
86%
Kingsley Coman
86%
Leon Goretzka
86%
Leroy Sané
86%
Serge Gnabry
86%
Thiago Alcántara
86%
Yann Sommer
86%
Álex Grimaldo
71%
Dayot Upamecano
71%
Edmond Tapsoba
71%
Jamal Musiala
71%
Jonathan Tah
71%
Lukáš Hrádecký
71%
Matthijs de Ligt
71%
Exequiel Palacios
57%
Odilon Kossounou
57%
Jonas Hofmann
43%

Score Distribution

Percentile by Number Answered

Percent of People with Each Score

Your Score History

You have not taken this quiz since the last reset